[Event "IX EICC"]
[Site "Plovdiv BUL"]
[Date "2008.04.26"]
[Round "6"]
[White "Petrosian, TL."]
[Black "Papaioannou, I."]
[Result "0-1"]
[WhiteElo "2616"]
[BlackElo "2566"]
[PlyCount "72"]
[EventDate "2008.04.21"]
[SourceDate "1999.07.01"]

1. e4 c5 2. Nf3 d6 3. d4 cxd4 4. Nxd4 Nf6 5. Nc3 a6 6. Bc4 e6 7. O-O b5 8. Bb3
Be7 9. f4 Bb7 10. Bxe6 fxe6 11. Nxe6 Qb6+ 12. Kh1 Nxe4 13. Nd5 Bxd5 14. Qxd5
Qc6 15. Re1 Qxd5 16. Nc7+ Kd8 17. Nxd5 Nf6 18. Rxe7 Nxd5 19. Rxg7 Nd7 20. b3
Kc7 21. c4 bxc4 22. bxc4 N5f6 23. Bb2 Kc6 24. g4 Rhe8 25. g5 Nh5 26. Rxh7 Nxf4
27. Rf1 Rab8 28. Ba3 Nd3 29. Rh6 N7c5 30. Rh3 Ne5 31. Rg3 Ne4 32. Rg2 Rf8 33.
Rxf8 Rxf8 34. h4 Rf4 35. h5 Nf3 36. Rb2 Rg4 0-1

[Event "IX EICC"]
[Site "Plovdiv BUL"]
[Date "2008.04.26"]
[Round "6"]
[White "Predojevic, B."]
[Black "Belov, Vl"]
[Result "1/2-1/2"]
[WhiteElo "2651"]
[BlackElo "2571"]
[PlyCount "54"]
[EventDate "2008.04.21"]
[SourceDate "1999.07.01"]

1. e4 c5 2. Nf3 d6 3. d4 cxd4 4. Nxd4 Nf6 5. Nc3 a6 6. h3 e6 7. g4 b5 8. Bg2
Bb7 9. O-O Qc7 10. a3 Be7 11. f4 Nc6 12. Be3 Nxd4 13. Qxd4 e5 14. Qd3 exf4 15.
Bxf4 Nd7 16. Rad1 Ne5 17. Bxe5 dxe5 18. Nd5 Bxd5 19. exd5 Qd6 20. Rde1 O-O 21.
Qf5 Rae8 22. Kh1 Bd8 23. Re3 e4 24. Bxe4 g6 25. Qf3 Bc7 26. Re2 Re7 27. Qf6 Qd7
1/2-1/2

[Event "IX EICC"]
[Site "Plovdiv BUL"]
[Date "2008.04.27"]
[Round "7"]
[White "Berg, E."]
[Black "Papaioannou, I."]
[Result "1/2-1/2"]
[WhiteElo "2601"]
[BlackElo "2566"]
[PlyCount "29"]
[EventDate "2008.04.21"]
[SourceDate "1999.07.01"]

1. e4 c5 2. Nf3 d6 3. d4 cxd4 4. Nxd4 Nf6 5. Nc3 a6 6. Be3 e5 7. Nb3 Be7 8. Be2
Be6 9. Nd5 Nbd7 10. Qd3 O-O 11. O-O Bxd5 12. exd5 Nc5 13. Qd2 Nfe4 14. Qb4 b6
15. f3 1/2-1/2

[Event "IX EICC"]
[Site "Plovdiv BUL"]
[Date "2008.04.27"]
[Round "7"]
[White "Zhigalko, A."]
[Black "Kobalia, M."]
[Result "1/2-1/2"]
[WhiteElo "2545"]
[BlackElo "2627"]
[PlyCount "105"]
[EventDate "2008.04.21"]
[SourceDate "1999.07.01"]

1. e4 c5 2. Nf3 d6 3. d4 cxd4 4. Nxd4 Nf6 5. Nc3 a6 6. Be3 Ng4 7. Bg5 h6 8. Bh4
g5 9. Bg3 Bg7 10. h3 Nf6 11. Bc4 b5 12. Bb3 b4 13. Na4 Bd7 14. Nf5 Bxf5 15.
exf5 Nc6 16. O-O Qa5 17. a3 bxa3 18. Rxa3 O-O 19. Qd3 Ne5 20. Qe2 Nc6 21. Qd3
Ne5 22. Qc3 Qb5 23. Bxe5 dxe5 24. Bc4 Qb8 25. Nc5 a5 26. Rd1 e4 27. Rb3 Qf4 28.
Qe3 Qxf5 29. Rb5 Qg6 30. g3 Qh5 31. Rd2 Qxh3 32. Nxe4 Ng4 33. Qf3 Qh2+ 34. Kf1
Ne5 35. Rxe5 Qh3+ 36. Kg1 Bxe5 37. Rd5 Bg7 38. Rxg5 hxg5 39. Nxg5 Qh6 40. Nxf7
Qf6 41. Qe4 Qxf7 42. Bxf7+ Kxf7 43. Qd5+ e6 44. Qd7+ Kf6 45. Qd4+ Kg6 46. Qd3+
Kf6 47. Qd4+ Kg6 48. Qd3+ Kh6 49. Qe3+ Kh7 50. Qxe6 Bxb2 51. Qe4+ Kh8 52. Qh1+
Kg8 53. Qd5+ 1/2-1/2

[Event "TCh-RUS Major League"]
[Site "Dagomys RUS"]
[Date "2008.04.07"]
[Round "5"]
[White "Bezgodov, A."]
[Black "Zakhartsov, Vi"]
[Result "1/2-1/2"]
[WhiteElo "2502"]
[BlackElo "2580"]
[PlyCount "57"]
[EventDate "2008.04.02"]
[SourceDate "1999.07.01"]

1. e4 c5 2. Nf3 d6 3. d4 cxd4 4. Nxd4 Nf6 5. Nc3 a6 6. Be2 e5 7. Nb3 Be7 8. Bg5
Be6 9. Bxf6 Bxf6 10. Qd3 O-O 11. O-O-O Be7 12. Kb1 Nd7 13. g3 b5 14. f4 Nb6 15.
f5 Bc4 16. Qf3 b4 17. Nd5 Bxd5 18. exd5 a5 19. Nd2 Nd7 20. Ne4 Nf6 21. h4 Nxe4
22. Qxe4 Rb8 23. g4 f6 24. g5 Qb6 25. Bd3 Bd8 26. h5 Rb7 27. gxf6 Bxf6 28. h6
Qd4 29. Qxd4 1/2-1/2

[Event "Gausdal Classics GMA"]
[Site "Gausdal NOR"]
[Date "2008.04.15"]
[Round "8"]
[White "Gopal, G."]
[Black "Sandipan, C."]
[Result "1-0"]
[WhiteElo "2562"]
[BlackElo "2585"]
[PlyCount "85"]
[EventDate "2008.04.08"]
[SourceDate "1999.07.01"]

1. e4 c5 2. Nf3 d6 3. d4 cxd4 4. Nxd4 Nf6 5. Nc3 a6 6. Be3 e5 7. Nb3 Be6 8. Qd2
Be7 9. O-O-O O-O 10. f4 b5 11. f5 Bc4 12. Kb1 Bxf1 13. Rhxf1 Nbd7 14. h3 b4 15.
Nd5 Nxd5 16. exd5 a5 17. g4 a4 18. Nc1 Qa5 19. g5 Rfc8 20. Ne2 Nb6 21. Bxb6
Qxb6 22. f6 Bf8 23. Rc1 Rc5 24. Ng3 b3 25. cxb3 axb3 26. a3 Rac8 27. Rxc5 Rxc5
28. Ne4 Rc2 29. Qd3 Qb7 30. h4 Rh2 31. fxg7 Bxg7 32. Nf6+ Bxf6 33. gxf6 Rg2 34.
Qh3 Rg6 35. h5 Rg5 36. Rc1 h6 37. Rc8+ Qxc8 38. Qxc8+ Kh7 39. Kc1 Rxh5 40. Qf8
Kg6 41. Qg7+ Kf5 42. Qxf7 Rh2 43. Qg7 1-0

[Event "ch-NED"]
[Site "Hilversum NED"]
[Date "2008.04.10"]
[Round "8"]
[White "Stellwagen, D."]
[Black "L'Ami, E."]
[Result "1/2-1/2"]
[WhiteElo "2621"]
[BlackElo "2600"]
[PlyCount "43"]
[EventDate "2008.04.02"]
[SourceDate "1999.07.01"]

1. e4 c5 2. Nf3 d6 3. d4 cxd4 4. Nxd4 Nf6 5. Nc3 a6 6. Be2 e5 7. Nb3 Be7 8. Bg5
Be6 9. Bxf6 Bxf6 10. Qd3 Nc6 11. O-O-O Qb6 12. Qxd6 Be7 13. Nd5 Bxd5 14. Qxd5
Rd8 15. Qc4 Rxd1+ 16. Rxd1 Qxf2 17. Rf1 Qe3+ 18. Kb1 O-O 19. Bg4 g6 20. Bd7 Nd4
21. Nxd4 Qxd4 22. Qxd4 1/2-1/2

[Event "TCh-FRA Top 16 Gp A"]
[Site "Noyon FRA"]
[Date "2008.04.10"]
[Round "4"]
[White "Kritz, L."]
[Black "Naiditsch, A."]
[Result "1/2-1/2"]
[WhiteElo "2592"]
[BlackElo "2638"]
[PlyCount "38"]
[EventDate "2008.04.10"]
[SourceDate "1999.07.01"]

1. e4 c5 2. Nf3 d6 3. Nc3 Nf6 4. d4 cxd4 5. Nxd4 a6 6. Be3 e5 7. Nb3 Be6 8. Qd2
Nbd7 9. f3 b5 10. a4 b4 11. Nd5 Bxd5 12. exd5 Nb6 13. Bxb6 Qxb6 14. a5 Qb7 15.
Bc4 Be7 16. Ra4 Rb8 17. Qd3 Ra8 18. Qd2 Rb8 19. Qd3 Ra8 1/2-1/2

[Event "TCh-FRA Top 16 Gp B"]
[Site "Montpellier FRA"]
[Date "2008.04.10"]
[Round "4"]
[White "Ninov, N."]
[Black "Vachier Lagrave, M."]
[Result "1/2-1/2"]
[WhiteElo "2501"]
[BlackElo "2637"]
[PlyCount "89"]
[EventDate "2008.04.10"]
[SourceDate "1999.07.01"]

1. e4 c5 2. Nf3 d6 3. d4 cxd4 4. Nxd4 Nf6 5. Nc3 a6 6. Be2 e5 7. Nb3 Be7 8. Bg5
Be6 9. Bxf6 Bxf6 10. a4 Nc6 11. Nd5 Rc8 12. Bg4 Ne7 13. Bxe6 fxe6 14. Nxe7 Kxe7
15. Qd3 Qb6 16. O-O Rc6 17. Ra3 Rhc8 18. c3 Rf8 19. Na1 Bh4 20. g3 Bg5 21. Rb3
Qc7 22. Nc2 Rb6 23. Rxb6 Qxb6 24. Na3 Qc6 25. Rd1 Qc5 26. Rf1 g6 27. Kg2 h5 28.
h4 Bf6 29. Nc4 Rc8 30. b3 b5 31. axb5 axb5 32. Ne3 g5 33. Ra1 gxh4 34. Ra5 hxg3
35. Rxb5 Qc7 36. fxg3 h4 37. Qc4 Qd7 38. Qb4 Rxc3 39. Nc4 Rxg3+ 40. Kh2 Qc6 41.
Qa4 Bg5 42. Qa7+ Kf6 43. Rb8 Bh6 44. Rh8 Rg2+ 45. Kxg2 1/2-1/2

[Event "Gausdal Classics GMA"]
[Site "Gausdal NOR"]
[Date "2008.04.11"]
[Round "4"]
[White "Kotronias, V."]
[Black "Lie, K."]
[Result "1/2-1/2"]
[WhiteElo "2611"]
[BlackElo "2558"]
[PlyCount "74"]
[EventDate "2008.04.08"]
[SourceDate "1999.07.01"]

1. e4 c5 2. Nf3 d6 3. d4 cxd4 4. Nxd4 Nf6 5. Nc3 a6 6. Bg5 e6 7. f4 Qc7 8. Bxf6
gxf6 9. Qf3 b5 10. a3 Nc6 11. Nxc6 Qxc6 12. f5 Qc5 13. O-O-O Rb8 14. fxe6 fxe6
15. Qxf6 Rg8 16. Qd4 Qxd4 17. Rxd4 Ke7 18. Rd3 Bb7 19. Rh3 h6 20. Rg1 Bg7 21.
Bd3 Bd4 22. Re1 Rxg2 23. Rxh6 Rh8 24. Rxh8 Bxh8 25. Rh1 Rg4 26. h4 Bxc3 27.
bxc3 Bxe4 28. Bxe4 Rxe4 29. h5 Kf7 30. h6 Kg8 31. h7+ Kh8 32. Rh6 d5 33. Kd2
Ra4 34. Rxe6 Kxh7 35. Rd6 Rxa3 36. Rxd5 Kg6 37. c4 bxc4 1/2-1/2

[Event "Gausdal Classics GMA"]
[Site "Gausdal NOR"]
[Date "2008.04.12"]
[Round "5"]
[White "Lie, K."]
[Black "Sandipan, C."]
[Result "1-0"]
[WhiteElo "2558"]
[BlackElo "2585"]
[PlyCount "85"]
[EventDate "2008.04.08"]
[SourceDate "1999.07.01"]

1. e4 c5 2. Nf3 d6 3. d4 cxd4 4. Nxd4 Nf6 5. Nc3 a6 6. Be2 e6 7. a4 Nc6 8. Be3
Be7 9. O-O O-O 10. f4 Qc7 11. Kh1 Bd7 12. Nb3 b6 13. g4 Bc8 14. g5 Nd7 15. Bf3
Bb7 16. Bg2 Rfe8 17. Qh5 Bf8 18. Rf3 g6 19. Qh4 Bg7 20. Rh3 Nf8 21. Qf2 b5 22.
axb5 axb5 23. Rd1 Ba6 24. Bb6 Qb8 25. e5 dxe5 26. Bxc6 Bb7 27. Bf3 exf4 28. Ne4
e5 29. Bg2 Ra6 30. Bc5 Rd8 31. Re1 Ra4 32. Bxf8 Rxf8 33. Nbc5 Bc8 34. Rd3 Ra2
35. Qh4 Bf5 36. Red1 Rxb2 37. Nf6+ Bxf6 38. gxf6 h5 39. Qg5 Kh7 40. Nd7 Bxd7
41. Rxd7 Rb4 42. Be4 Rxe4 43. Rg1 1-0

[Event "ch-NED"]
[Site "Hilversum NED"]
[Date "2008.04.03"]
[Round "2"]
[White "Nijboer, F."]
[Black "Smeets, J."]
[Result "1-0"]
[WhiteElo "2558"]
[BlackElo "2578"]
[PlyCount "83"]
[EventDate "2008.04.02"]
[SourceDate "1999.07.01"]

1. e4 c5 2. Nf3 d6 3. d4 Nf6 4. Nc3 cxd4 5. Nxd4 a6 6. Be3 e5 7. Nb3 Be6 8. f3
Be7 9. Qd2 O-O 10. O-O-O Nbd7 11. g4 Qc7 12. g5 Nh5 13. Kb1 b5 14. Nd5 Bxd5 15.
exd5 Nb6 16. Na5 Nxd5 17. Qxd5 Qxa5 18. c4 Rab8 19. Bd3 Qb4 20. cxb5 axb5 21.
h4 g6 22. Rc1 Kg7 23. Rc7 Bd8 24. a3 Nf4 25. Qa2 Qa4 26. Bc2 Qa8 27. Be4 d5 28.
Ra7 Qc6 29. Bxf4 exf4 30. Bxd5 Qe8 31. Qb3 Bb6 32. Qc3+ Kg8 33. h5 Qe3 34. Rxf7
Rxf7 35. Bxf7+ Kxf7 36. hxg6+ Ke6 37. Re1 hxg6 38. Rxe3+ fxe3 39. Qf6+ Kd5 40.
Qxg6 Bd4 41. Qe4+ Kc5 42. b4+ 1-0

[Event "ch-NED"]
[Site "Hilversum NED"]
[Date "2008.04.07"]
[Round "6"]
[White "Tiviakov, S."]
[Black "Smeets, J."]
[Result "0-1"]
[WhiteElo "2634"]
[BlackElo "2578"]
[PlyCount "84"]
[EventDate "2008.04.02"]
[SourceDate "1999.07.01"]

1. e4 c5 2. Nf3 d6 3. d4 Nf6 4. Nc3 cxd4 5. Nxd4 a6 6. f4 e5 7. Nf3 Nbd7 8. a4
Be7 9. Bd3 O-O 10. O-O Nc5 11. Kh1 exf4 12. Bxf4 Bg4 13. Be3 Rc8 14. Bd4 Bh5
15. Qd2 Bg6 16. Rae1 Re8 17. b4 Ncd7 18. a5 Bf8 19. Qf4 Ne5 20. Qg3 Nh5 21. Qf2
Ng4 22. Qd2 Nhf6 23. h3 Ne5 24. Qf2 Be7 25. g4 Rc6 26. Qg3 Qc8 27. Nd5 Nxd5 28.
Nxe5 Nxb4 29. Nxc6 Nxc6 30. Bc3 Qd8 31. Rb1 Bh4 32. Qf3 Re7 33. Rb6 Qe8 34.
Rfb1 Rxe4 35. Rxb7 h6 36. Bd2 d5 37. Bf4 Kh7 38. Rf1 Nb4 39. Bg3 Nxd3 40. Bxh4
Rf4 41. Qd1 Qe3 42. Kh2 Nf2 0-1

[Event "2nd Agzamov Memorial"]
[Site "Tashkent UZB"]
[Date "2008.03.27"]
[Round "8"]
[White "Iuldachev, S."]
[Black "Amonatov, F."]
[Result "0-1"]
[WhiteElo "2526"]
[BlackElo "2649"]
[PlyCount "92"]
[EventDate "2008.03.19"]
[SourceDate "1999.07.01"]

1. e4 c5 2. Nf3 d6 3. d4 cxd4 4. Nxd4 Nf6 5. Nc3 a6 6. Be3 e5 7. Nf3 Be7 8. Bc4
O-O 9. O-O Nc6 10. Qe2 Na5 11. Bd5 Bg4 12. h3 Bh5 13. Rfd1 Rc8 14. a4 h6 15.
Rd3 Bg6 16. Rad1 Qe8 17. Nh4 Nxd5 18. Nxg6 Nxc3 19. Nxe7+ Qxe7 20. Rxc3 Rxc3
21. bxc3 Qc7 22. Qg4 Kh7 23. Rd3 Qe7 24. Rd5 Nc4 25. Qe2 Nxe3 26. Qxe3 Rc8 27.
Qd3 Rc6 28. f4 Qh4 29. fxe5 dxe5 30. c4 Qf4 31. c5 Rf6 32. Rd6 Qc1+ 33. Kh2 Rf2
34. Rd7 h5 35. c3 h4 36. Qd1 Qxd1 37. Rxd1 Rc2 38. Rd3 f6 39. Kg1 Kg6 40. Kf1
a5 41. g3 Ra2 42. gxh4 Rxa4 43. Rd7 Rxe4 44. h5+ Kxh5 45. Rxg7 Rc4 46. Rxb7
Rxc5 0-1

[Event "TCh-AUT 1st Bundesliga 2007-8"]
[Site "Graz AUT"]
[Date "2008.03.14"]
[Round "9"]
[White "Socko, B."]
[Black "Ftacnik, L."]
[Result "0-1"]
[WhiteElo "2635"]
[BlackElo "2542"]
[PlyCount "114"]
[EventDate "2008.03.14"]
[SourceDate "1999.07.01"]

1. e4 c5 2. Nf3 d6 3. d4 cxd4 4. Nxd4 Nf6 5. Nc3 a6 6. Be2 Nc6 7. O-O e6 8. Be3
Be7 9. f4 Qc7 10. Qe1 O-O 11. Qg3 Nxd4 12. Bxd4 b5 13. a3 Bb7 14. Rae1 Rad8 15.
Kh1 Rfe8 16. Bd3 Rd7 17. Nd1 g6 18. f5 e5 19. Bc3 Kh8 20. Ne3 Bxe4 21. fxg6
Bxg6 22. Nf5 Nd5 23. Bd2 Bf8 24. Bg5 Re6 25. Nd4 Re8 26. Qf3 Bxd3 27. cxd3 Qb7
28. Nf5 Re6 29. Re4 Rg6 30. Qh5 f6 31. Bd2 Rc7 32. Qd1 Qc6 33. Qf3 Qc2 34. Re2
Qc6 35. h3 Qb7 36. Ba5 Rf7 37. Rc2 Nf4 38. Qxb7 Rxb7 39. Rc8 Rg8 40. d4 Be7 41.
Rfc1 Ne2 42. Rxg8+ Kxg8 43. Rc8+ Kf7 44. Bd8 Bf8 45. d5 Nf4 46. Ne3 b4 47. a4
b3 48. a5 Rb5 49. Rc3 Nxd5 50. Nxd5 Rxd5 51. Rxb3 Bh6 52. Rb6 Rd1+ 53. Kh2 e4
54. Kg3 Rd3+ 55. Kg4 Kg6 56. g3 Bg5 57. h4 f5+ 0-1

[Event "10th Foxwoods Open"]
[Site "Ledyard USA"]
[Date "2008.03.20"]
[Round "3"]
[White "Sadvakasov, D."]
[Black "Paragua, M."]
[Result "1-0"]
[WhiteElo "2624"]
[BlackElo "2521"]
[PlyCount "81"]
[EventDate "2008.03.19"]
[SourceDate "1999.07.01"]

1. e4 c5 2. Nf3 d6 3. d4 cxd4 4. Nxd4 Nf6 5. Nc3 a6 6. Be3 e5 7. Nb3 Be6 8. f3
h5 9. Qd2 Nbd7 10. Nd5 Bxd5 11. exd5 b6 12. Be2 g6 13. O-O Bg7 14. a4 O-O 15.
a5 b5 16. c4 bxc4 17. Bxc4 Rb8 18. Rac1 Ne8 19. Na1 Nc7 20. b3 Nb5 21. Nc2 Nd4
22. Nxd4 exd4 23. Bg5 Bf6 24. Bh6 Re8 25. b4 Ra8 26. Bb3 Re7 27. h3 Qb8 28. Ba4
Ra7 29. f4 Bh8 30. f5 Nf6 31. fxg6 fxg6 32. Bc2 Kh7 33. Qg5 Qe8 34. Bf8 Re2 35.
Qh6+ Kg8 36. Bxd6 Rxc2 37. Rxc2 d3 38. Rc4 Bg7 39. Qc1 Kh7 40. Bc5 Rd7 41. d6
1-0

[Event "Bundesliga 2007-8"]
[Site "Muelheim GER"]
[Date "2008.03.08"]
[Round "10"]
[White "Fedorchuk, S."]
[Black "Vachier Lagrave, M."]
[Result "1/2-1/2"]
[WhiteElo "2652"]
[BlackElo "2637"]
[PlyCount "132"]
[EventDate "2008.02.09"]
[SourceDate "1999.07.01"]

1. e4 c5 2. Nf3 d6 3. d4 cxd4 4. Nxd4 Nf6 5. Nc3 a6 6. a4 Nc6 7. Be2 e5 8. Nb3
Be7 9. O-O O-O 10. f4 exf4 11. Bxf4 Be6 12. Kh1 d5 13. e5 Nd7 14. Nxd5 Ndxe5
15. c4 Re8 16. Qd2 Rc8 17. Rad1 Ng6 18. Nxe7+ Qxe7 19. Bd6 Qh4 20. Bg3 Qe7 21.
Bd6 Qh4 22. Bg3 Qe7 23. Qc3 Qb4 24. Rc1 Qxc3 25. Rxc3 Nce5 26. c5 Nd7 27. Bd1
Nf6 28. Bf3 Bd5 29. Bxd5 Nxd5 30. Rd3 Nf6 31. Na5 Rxc5 32. Nxb7 Rc2 33. b4 h5
34. b5 axb5 35. axb5 h4 36. Bd6 Ne4 37. Rd4 h3 38. gxh3 Nh4 39. b6 Nf2+ 40. Kg1
Nxh3+ 41. Kh1 Nf2+ 42. Kg1 Nf3+ 43. Kg2 Nxd4 44. Rxf2 Rc6 45. Rb2 Nf5 46. Bf4
g5 47. Na5 Rc5 48. b7 gxf4 49. b8=Q Rxb8 50. Rxb8+ Kg7 51. Nb3 Rc2+ 52. Kh3 Kg6
53. Rb5 Rf2 54. Nc5 Nd4 55. Rb6+ Kh5 56. Rd6 Nf5 57. Rd5 Kg6 58. Nd3 Rf1 59.
Ne5+ Kg7 60. Ra5 Ne3 61. Ra7 Kf6 62. Ng4+ Kg5 63. Nxe3 fxe3 64. Re7 f5 65. Rxe3
Kf4 66. Kg2 Kxe3 1/2-1/2

[Event "Bundesliga 2007-8"]
[Site "Hamburg GER"]
[Date "2008.03.08"]
[Round "10"]
[White "Efimenko, Z."]
[Black "Najer, E."]
[Result "0-1"]
[WhiteElo "2638"]
[BlackElo "2634"]
[PlyCount "74"]
[EventDate "2008.02.09"]
[SourceDate "1999.07.01"]

1. e4 c5 2. Nf3 d6 3. d4 cxd4 4. Nxd4 Nf6 5. Nc3 a6 6. Be2 e5 7. Nb3 Be7 8. O-O
O-O 9. Re1 Be6 10. Bf3 a5 11. Bg5 a4 12. Nd2 a3 13. b3 Qa5 14. Nd5 Bxd5 15.
exd5 Nbd7 16. c4 h6 17. Be3 b6 18. Qb1 Rfe8 19. b4 Qa4 20. Ne4 Nxe4 21. Bxe4
Bg5 22. Bh7+ Kf8 23. Bc2 Qa6 24. Bxg5 hxg5 25. Bb3 b5 26. Qd3 bxc4 27. Bxc4 Qb6
28. Bb5 e4 29. Qe2 Ra7 30. Rac1 g6 31. Rc6 Qb8 32. Rc3 Re5 33. Qc4 Nb6 34. Qd4
Nxd5 35. Rh3 Kg7 36. Rb1 Nf4 37. Re3 Ne6 0-1

[Event "Bundesliga 2007-8"]
[Site "Bindlach GER"]
[Date "2008.03.09"]
[Round "11"]
[White "Navara, D."]
[Black "Maksimenko, A."]
[Result "1/2-1/2"]
[WhiteElo "2680"]
[BlackElo "2517"]
[PlyCount "70"]
[EventDate "2008.02.09"]
[SourceDate "1999.07.01"]

1. e4 c5 2. Nf3 d6 3. d4 cxd4 4. Nxd4 Nf6 5. Nc3 a6 6. f4 e5 7. Nf3 Nbd7 8. a4
Be7 9. Bd3 O-O 10. O-O exf4 11. Bxf4 Qb6+ 12. Kh1 Qxb2 13. Qe1 Qb6 14. Bg5 Nc5
15. Qh4 Nxd3 16. cxd3 Qa5 17. Ne2 h6 18. Bd2 Qd8 19. Qe1 Bd7 20. Nfd4 Ng4 21.
Qg3 Bf6 22. Rab1 Be5 23. Bf4 Rb8 24. Nf3 Bxf4 25. Nxf4 f5 26. Nd4 Qf6 27. Nxf5
Bxf5 28. Nd5 Qe6 29. exf5 Qxd5 30. Qxg4 Rf6 31. Rf3 b5 32. Qe4 Qxe4 33. dxe4
Re8 34. axb5 axb5 35. Rxb5 Rxe4 1/2-1/2

[Event "10th Rector Cup"]
[Site "Kharkiv UKR"]
[Date "2008.02.29"]
[Round "3"]
[White "Aveskulov, V."]
[Black "Brodsky, M."]
[Result "1/2-1/2"]
[WhiteElo "2532"]
[BlackElo "2572"]
[PlyCount "51"]
[EventDate "2008.02.27"]
[SourceDate "1999.07.01"]

1. e4 c5 2. Nf3 d6 3. d4 Nf6 4. Nc3 cxd4 5. Nxd4 a6 6. Be2 e5 7. Nb3 Be7 8. O-O
O-O 9. Qd3 b6 10. Bg5 Nbd7 11. Nd5 Nxd5 12. Qxd5 Rb8 13. Bxe7 Qxe7 14. Rad1 Nf6
15. Qxd6 Qxd6 16. Rxd6 Nxe4 17. Rd5 Re8 18. Rfd1 Nf6 19. Rd6 Bf5 20. Nd2 Bxc2
21. Rc1 Bf5 22. Bxa6 Re6 23. Rxe6 Bxe6 24. a4 Nd5 25. Kf1 Kf8 26. g3 1/2-1/2

[Event "10th Rector Cup"]
[Site "Kharkiv UKR"]
[Date "2008.03.02"]
[Round "7"]
[White "Aveskulov, V."]
[Black "Kovchan, A."]
[Result "1/2-1/2"]
[WhiteElo "2532"]
[BlackElo "2515"]
[PlyCount "32"]
[EventDate "2008.02.27"]
[SourceDate "1999.07.01"]

1. e4 c5 2. Nf3 d6 3. d4 cxd4 4. Nxd4 Nf6 5. Nc3 a6 6. Bg5 Nbd7 7. Qd2 h6 8.
Bh4 g6 9. f3 Bg7 10. a4 O-O 11. Be2 Nc5 12. O-O Ne6 13. Bf2 Nxd4 14. Bxd4 Be6
15. a5 Rc8 16. Rfd1 Qc7 1/2-1/2

[Event "Aeroflot Open"]
[Site "Moscow RUS"]
[Date "2008.02.18"]
[Round "5"]
[White "Asrian, K."]
[Black "Feller, S."]
[Result "1-0"]
[WhiteElo "2621"]
[BlackElo "2522"]
[PlyCount "43"]
[EventDate "2008.02.14"]
[SourceDate "1999.07.01"]

1. e4 c5 2. Nf3 d6 3. d4 Nf6 4. Nc3 cxd4 5. Nxd4 a6 6. Be3 e5 7. Nf3 Be7 8. Bc4
O-O 9. O-O Nc6 10. Qe2 b5 11. Bb3 Be6 12. Rfd1 Rc8 13. h3 h6 14. Nh4 Na5 15.
Bxe6 fxe6 16. Ng6 Re8 17. Nxe5 b4 18. Na4 Qc7 19. Ng6 Qxc2 20. Nxe7+ Rxe7 21.
Qxa6 Ree8 22. Nb6 1-0

[Event "Aeroflot Open"]
[Site "Moscow RUS"]
[Date "2008.02.20"]
[Round "7"]
[White "Vachier Lagrave, M."]
[Black "Brkic, A."]
[Result "1-0"]
[WhiteElo "2637"]
[BlackElo "2558"]
[PlyCount "113"]
[EventDate "2008.02.14"]
[SourceDate "1999.07.01"]

1. e4 c5 2. Nf3 d6 3. d4 cxd4 4. Nxd4 Nf6 5. Nc3 a6 6. Be3 Nc6 7. f3 e6 8. Qd2
Be7 9. O-O-O O-O 10. g4 Nxd4 11. Bxd4 b5 12. g5 Nd7 13. h4 Qc7 14. Kb1 b4 15.
Na4 Bb7 16. Qf2 Rad8 17. Be2 Nc5 18. Nxc5 dxc5 19. Be3 a5 20. Bb5 Qe5 21. Bc1
Rxd1 22. Rxd1 Rd8 23. Re1 Qc7 24. b3 Rd4 25. Bb2 Bd6 26. Rg1 Be5 27. f4 Bxf4
28. Bxd4 cxd4 29. Qxd4 Be5 30. Qd3 g6 31. Rf1 Kf8 32. Bc4 Kg7 33. Qf3 Qe7 34.
h5 Bc6 35. h6+ Kf8 36. Qf2 Ke8 37. Rd1 Qc7 38. Qf1 Qb6 39. Qf3 Ke7 40. a4 bxa3
41. Ka2 Qc5 42. Qd3 Qd6 43. Qxd6+ Bxd6 44. Bd3 Bb4 45. c3 Bd6 46. Rf1 Ba8 47.
Rb1 Be5 48. b4 Bxc3 49. b5 Bb4 50. Rc1 Kd7 51. b6 Bc6 52. e5 Bd2 53. Rd1 Bd5+
54. Bc4 Bxg5 55. Bxd5 exd5 56. Rxd5+ Kc6 57. e6 1-0

[Event "Aeroflot Open"]
[Site "Moscow RUS"]
[Date "2008.02.20"]
[Round "7"]
[White "Caruana, F."]
[Black "Kotanjian, T."]
[Result "0-1"]
[WhiteElo "2598"]
[BlackElo "2545"]
[PlyCount "112"]
[EventDate "2008.02.14"]
[SourceDate "1999.07.01"]

1. e4 c5 2. Nf3 d6 3. d4 cxd4 4. Nxd4 Nf6 5. Nc3 a6 6. Be3 e6 7. a4 b6 8. g4
Bb7 9. Bg2 g6 10. f4 e5 11. g5 Nh5 12. fxe5 dxe5 13. Nf3 Nd7 14. O-O Nf4 15.
Qd2 Bb4 16. Bxf4 exf4 17. Qxf4 Bxc3 18. bxc3 Qe7 19. Kh1 Rd8 20. Rad1 Bc6 21.
Rd6 Rc8 22. Nd4 Bxa4 23. Ra1 Nc5 24. Nf5 gxf5 25. exf5 O-O 26. Rh6 Bxc2 27. Rg1
Rcd8 28. Qg4 Be4 29. Rh4 Rfe8 30. h3 Rd2 31. g6 fxg6 32. fxg6 Bxg2+ 33. Rxg2
Qe1+ 34. Rg1 Qe4+ 35. Qxe4 Nxe4 36. gxh7+ Kh8 37. Rg8+ Rxg8 38. hxg8=Q+ Kxg8
39. Rxe4 Rb2 40. Re8+ Kf7 41. Ra8 a5 42. h4 Ke6 43. Kg1 Kd6 44. h5 Rb5 45. Rh8
Kc6 46. Kf2 Re5 47. h6 Re7 48. h7 Kb5 49. Kf3 a4 50. Kf4 Ra7 51. Ke3 a3 52. c4+
Ka4 53. Rb8 Rxh7 54. Kd4 a2 55. Ra8+ Kb3 56. Ra6 Rh6 0-1

[Event "Aeroflot Open"]
[Site "Moscow RUS"]
[Date "2008.02.22"]
[Round "9"]
[White "Akopian, Vl"]
[Black "Kotanjian, T."]
[Result "1/2-1/2"]
[WhiteElo "2700"]
[BlackElo "2545"]
[PlyCount "77"]
[EventDate "2008.02.14"]
[SourceDate "1999.07.01"]

1. e4 c5 2. Nf3 d6 3. d4 cxd4 4. Nxd4 Nf6 5. Nc3 a6 6. Be3 e6 7. f3 h5 8. Qd2
Qc7 9. O-O-O Nbd7 10. Kb1 b5 11. Bxb5 axb5 12. Ndxb5 Qa5 13. Nxd6+ Bxd6 14.
Qxd6 Ra6 15. Qd3 O-O 16. Qb5 Qc7 17. Qb4 Bb7 18. Nb5 Qb8 19. a4 Bc6 20. b3 Qb7
21. Kb2 Rfa8 22. c4 Nb6 23. Bxb6 Qxb6 24. Rd6 Ne8 25. Rd2 Qb8 26. h3 Qe5+ 27.
Qc3 Qg3 28. Rhd1 Kh7 29. e5 g6 30. Re2 Rb8 31. Rd4 Ng7 32. Qe1 Qg5 33. f4 Qe7
34. g4 Raa8 35. Qc3 Rc8 36. Nd6 Rcb8 37. Nb5 Rc8 38. Nd6 Rcb8 39. Nb5 1/2-1/2

[Event "Aeroflot Open"]
[Site "Moscow RUS"]
[Date "2008.02.22"]
[Round "9"]
[White "Nguyen Ngoc Truong Son"]
[Black "Vachier Lagrave, M."]
[Result "1/2-1/2"]
[WhiteElo "2551"]
[BlackElo "2637"]
[PlyCount "241"]
[EventDate "2008.02.14"]
[SourceDate "1999.07.01"]

1. e4 c5 2. Nf3 d6 3. d4 cxd4 4. Nxd4 Nf6 5. Nc3 a6 6. Be3 e5 7. Nb3 Be7 8. Be2
Be6 9. f4 exf4 10. Bxf4 O-O 11. Qd2 d5 12. e5 Ne4 13. Nxe4 dxe4 14. Qe3 Nc6 15.
c3 Na5 16. Nd2 Rc8 17. Rd1 Qc7 18. Nxe4 Nc4 19. Qg3 Kh8 20. b3 Qc6 21. Bf3 Bd5
22. Nd6 Bxf3 23. Qxf3 Bh4+ 24. Ke2 Qxf3+ 25. gxf3 Nxd6 26. Rxd6 Rxc3 27. Rc1
Rxc1 28. Bxc1 Rd8 29. Kd3 h5 30. Ke4 Kh7 31. f4 Rc8 32. Be3 Rc7 33. f5 Be7 34.
Rd1 Ba3 35. Bf4 Re7 36. Rd8 Bb2 37. Rd5 Kg8 38. Be3 Rc7 39. Bc5 Rc6 40. b4 Rc8
41. Rd7 a5 42. Rxb7 axb4 43. Bxb4 Rc2 44. Bd6 Rxh2 45. e6 Rh4+ 46. Kf3 fxe6 47.
fxe6 Bf6 48. Rb8+ Kh7 49. e7 Bxe7 50. Bxe7 Ra4 51. a3 g5 52. Rb6 Rc4 53. Ra6
g4+ 54. Kg3 Rc3+ 55. Kh4 Rh3+ 56. Kg5 g3 57. Ra7 g2 58. Bf6+ Kg8 59. Rg7+ Kf8
60. Kh6 g1=Q 61. Rxg1 Rxa3 62. Kg6 Re3 63. Rd1 Re2 64. Rd8+ Re8 65. Rd7 Re2 66.
Rh7 Ke8 67. Kf5 Ra2 68. Re7+ Kf8 69. Rd7 Ke8 70. Rb7 h4 71. Bxh4 Ra5+ 72. Kg6
Re5 73. Bf6 Re2 74. Ra7 Re1 75. Kf5 Rb1 76. Bd4 Kd8 77. Ke6 Kc8 78. Be5 Rc1 79.
Rf7 Rc2 80. Bd6 Rc1 81. Kd5 Ra1 82. Rh7 Ra2 83. Bf4 Ra6 84. Be5 Rb6 85. Rc7+
Kd8 86. Ra7 Kc8 87. Rc7+ Kd8 88. Bd6 Rb1 89. Ra7 Re1 90. Be5 Rd1+ 91. Ke6 Rc1
92. Rb7 Rc2 93. Rb3 Rc6+ 94. Bd6 Rc1 95. Rh3 Kc8 96. Rh8+ Kb7 97. Rb8+ Ka7 98.
Rb4 Rd1 99. Kd7 Rc1 100. Bc7 Rh1 101. Bf4 Rh3 102. Be5 Rh1 103. Bd6 Rc1 104.
Bf4 Rc2 105. Bc7 Rc1 106. Rb5 Rc2 107. Rb6 Rg2 108. Rb3 Rc2 109. Rb1 Rc3 110.
Be5 Rc2 111. Kd6 Rd2+ 112. Kc6 Rc2+ 113. Kd5 Rg2 114. Bd6 Rg5+ 115. Kc6 Ka6
116. Rb8 Rg7 117. Rb6+ Ka7 118. Rb1 Ka8 119. Re1 Rb7 120. Re8+ Ka7 121. Bc5+
1/2-1/2